| 000 | 00444nam a2200181Ia 4500 | ||
|---|---|---|---|
| 005 | 20250603145516.0 | ||
| 008 | 250603s9999 xx 000 0 und d | ||
| 020 | _a9780367519278Manage | ||
| 050 | _aTN 870 .S28 .P38/ | ||
| 100 | _aPathak, Ashok K. | ||
| 245 | 0 | _aPetroleum Reservoir Manage | |
| 260 | _aBoca Raton | ||
| 260 | _bCRC Press Books | ||
| 260 | _c2022 | ||
| 300 | _axxvii, 414p.: ill. | ||
| 650 | _aBoca Raton | ||
| 942 | _cBK | ||
| 999 |
_c42066 _d42066 |
||